[Event "George Trundle NZ Qualifiers 2017"]
[Site "Auckland, NZL"]
[Date "2017.09.30"]
[Round "1.1"]
[White "James, Jack"]
[Black "Goodhue, Nathan"]
[Result "1/2-1/2"]
[BlackElo "1976"]
[WhiteElo "2062"]
[LiveChessVersion "1.4.8"]

1. d4 {[%clk 1:30:53]} c5 {[%clk 1:29:29]} 2. c3 {[%clk 1:30:34]} cxd4
{[%clk 1:29:20]} 3. cxd4 {[%clk 1:30:58]} d5 {[%clk 1:29:39]} 4. Nc3
{[%clk 1:31:04]} Nc6 {[%clk 1:29:29]} 5. Nf3 {[%clk 1:31:11]} e6 {[%clk 1:28:46]}
6. Bf4 {[%clk 1:31:03]} Bd6 {[%clk 1:28:51]} 7. Bg3 {[%clk 1:29:43]} Nf6
{[%clk 1:27:37]} 8. e3 {[%clk 1:29:32]} Bxg3 {[%clk 1:23:31]} 9. hxg3
{[%clk 1:29:55]} a6 {[%clk 1:23:38]} 10. Be2 {[%clk 1:29:42]} b5 {[%clk 1:23:14]}
11. a4 {[%clk 1:29:59]} b4 {[%clk 1:22:26]} 12. Na2 {[%clk 1:29:54]} Qd6
{[%clk 1:18:37]} 13. Nc1 {[%clk 1:22:55]} Ne4 {[%clk 1:06:28]} 14. Nb3
{[%clk 1:19:32]} O-O {[%clk 1:02:28]} 15. Bd3 {[%clk 1:09:38]} f5
{[%clk 0:56:27]} 16. Qe2 {[%clk 1:07:24]} e5 {[%clk 0:43:07]} 17. Bxe4
{[%clk 0:54:23]} dxe4 {[%clk 0:38:45]} 18. Nxe5 {[%clk 0:54:15]} Nxe5
{[%clk 0:38:53]} 19. dxe5 {[%clk 0:54:32]} Qxe5 {[%clk 0:38:33]} 20. Nd4
{[%clk 0:54:40]} a5 {[%clk 0:24:09]} 21. Qb5 {[%clk 0:42:16]} Qxb5
{[%clk 0:19:16]} 22. Nxb5 {[%clk 0:42:30]} Ba6 {[%clk 0:16:58]} 23. Nd4
{[%clk 0:42:37]} g6 {[%clk 0:16:08]} 24. Rc1 {[%clk 0:40:55]} Rfc8
{[%clk 0:13:47]} 25. Kd2 {[%clk 0:40:02]} Bc4 {[%clk 0:11:18]} 26. Rc2
{[%clk 0:30:03]} Bd3 {[%clk 0:11:46]} 27. Rxc8+ {[%clk 0:26:18]} Rxc8
{[%clk 0:12:15]} 28. f4 {[%clk 0:25:59]} h5 {[%clk 0:11:07]} 29. b3
{[%clk 0:22:59]} Ba6 {[%clk 0:10:22]} 1/2-1/2

[Event "George Trundle NZ Qualifiers 2017"]
[Site "Auckland, NZL"]
[Date "2017.09.30"]
[Round "1.2"]
[White "Nicholls, Leighton"]
[Black "Nyberg, Michael"]
[Result "0-1"]
[BlackElo "1881"]
[WhiteElo "1902"]
[LiveChessVersion "1.4.8"]

1. f4 {[%clk 1:30:56]} Nf6 {[%clk 1:30:04]} 2. Nf3 {[%clk 1:31:17]} d5
{[%clk 1:29:53]} 3. g3 {[%clk 1:31:13]} e6 {[%clk 1:28:18]} 4. Bg2
{[%clk 1:30:17]} Bd6 {[%clk 1:27:40]} 5. O-O {[%clk 1:29:09]} Nbd7
{[%clk 1:26:54]} 6. d4 {[%clk 1:24:56]} c6 {[%clk 1:23:30]} 7. Nbd2
{[%clk 1:22:45]} h5 {[%clk 1:15:58]} 8. h3 {[%clk 1:16:06]} b6 {[%clk 1:09:12]}
9. e4 {[%clk 1:10:11]} dxe4 {[%clk 0:55:22]} 10. Ne5 {[%clk 1:08:35]} Bb7
{[%clk 0:50:03]} 11. Nxe4 {[%clk 1:03:33]} Nxe4 {[%clk 0:36:27]} 12. Bxe4
{[%clk 1:03:51]} Rc8 {[%clk 0:35:31]} 13. Qf3 {[%clk 0:57:12]} Nf6
{[%clk 0:35:36]} 14. Bd3 {[%clk 0:40:31]} Bb8 {[%clk 0:29:26]} 15. Be3
{[%clk 0:38:19]} Qd5 {[%clk 0:24:51]} 16. f5 {[%clk 0:30:09]} Qxf3
{[%clk 0:19:43]} 17. Rxf3 {[%clk 0:29:55]} c5 {[%clk 0:19:17]} 18. Rf2
{[%clk 0:22:13]} cxd4 {[%clk 0:19:03]} 19. Bxd4 {[%clk 0:21:28]} exf5
{[%clk 0:17:30]} 20. Bb5+ {[%clk 0:19:45]} Kf8 {[%clk 0:16:14]} 21. Rxf5
{[%clk 0:13:56]} Rxc2 {[%clk 0:15:05]} 22. Re1 {[%clk 0:11:43]} Bc8
{[%clk 0:10:58]} 23. Rf3 {[%clk 0:06:44]} Be6 {[%clk 0:09:06]} 24. Ng6+
{[%clk 0:06:10]} fxg6 {[%clk 0:08:39]} 25. Rxe6 {[%clk 0:05:37]} Rc1+
{[%clk 0:07:11]} 26. Kf2 {[%clk 0:05:41]} Kf7 {[%clk 0:07:18]} 27. Rfe3
{[%clk 0:04:49]} Rc2+ {[%clk 0:04:11]} 28. Ke1 {[%clk 0:04:35]} Nd5
{[%clk 0:03:06]} 29. R3e4 {[%clk 0:03:42]} Bxg3+ {[%clk 0:02:57]} 30. Kd1
{[%clk 0:04:09]} Rhc8 {[%clk 0:02:09]} 31. Be8+ {[%clk 0:03:34]} Kf8
{[%clk 0:02:13]} 32. Bxg6 {[%clk 0:02:53]} Rc1+ {[%clk 0:01:31]} 33. Ke2
{[%clk 0:02:50]} Nf4+ {[%clk 0:00:55]} 34. Kf3 {[%clk 0:01:23]} Nxe6
{[%clk 0:01:03]} 35. Kxg3 {[%clk 0:01:51]} Nc5 {[%clk 0:00:50]} 36. Rf4+
{[%clk 0:01:46]} Ke7 {[%clk 0:01:00]} 37. Rf7+ {[%clk 0:01:36]} Ke6
{[%clk 0:01:19]} 38. Bxh5 {[%clk 0:01:26]} Ne4+ {[%clk 0:01:39]} 39. Kh4
{[%clk 0:01:10]} R8c4 {[%clk 0:01:28]} 40. Be3 {[%clk 0:30:33]} Nf6+
{[%clk 0:31:50]} 41. Kg5 {[%clk 0:30:33]} Re1 {[%clk 0:31:50]} 42. b3
{[%clk 0:19:44]} Re4 {[%clk 0:30:57]} 43. Bf2 {[%clk 0:18:19]} Rf1
{[%clk 0:30:02]} 0-1

[Event "George Trundle NZ Qualifiers 2017"]
[Site "Auckland, NZL"]
[Date "2017.09.30"]
[Round "1.3"]
[White "Polishchuk, Kirill"]
[Black "Morrell, Gordon"]
[Result "1/2-1/2"]
[BlackElo "2030"]
[WhiteElo "2134"]
[LiveChessVersion "1.4.8"]

1. e4 {[%clk 1:30:58]} c5 {[%clk 1:30:54]} 2. Nc3 {[%clk 1:31:21]} Nc6
{[%clk 1:31:17]} 3. f4 {[%clk 1:30:36]} g6 {[%clk 1:30:47]} 4. Nf3
{[%clk 1:30:55]} Bg7 {[%clk 1:31:09]} 5. Bb5 {[%clk 1:30:55]} Nd4
{[%clk 1:29:00]} 6. O-O {[%clk 1:31:14]} a6 {[%clk 1:27:26]} 7. Bd3
{[%clk 1:31:37]} d6 {[%clk 1:22:44]} 8. Nxd4 {[%clk 1:31:42]} cxd4
{[%clk 1:22:04]} 9. Ne2 {[%clk 1:31:44]} Nf6 {[%clk 1:20:16]} 10. c3
{[%clk 1:31:18]} dxc3 {[%clk 1:16:49]} 11. dxc3 {[%clk 1:31:11]} O-O
{[%clk 1:16:29]} 12. Qe1 {[%clk 1:30:14]} Qc7 {[%clk 1:07:21]} 13. Kh1
{[%clk 1:28:22]} Bd7 {[%clk 1:01:01]} 14. Qh4 {[%clk 1:24:15]} Bb5
{[%clk 0:55:23]} 15. Bxb5 {[%clk 1:22:38]} axb5 {[%clk 0:55:40]} 16. Ng3
{[%clk 1:07:47]} Qc4 {[%clk 0:46:33]} 17. f5 {[%clk 1:00:59]} Rxa2
{[%clk 0:45:25]} 18. Rxa2 {[%clk 0:58:37]} Qxa2 {[%clk 0:45:41]} 19. Re1
{[%clk 0:55:14]} Ra8 {[%clk 0:34:13]} 20. Ne2 {[%clk 0:43:02]} Qc4
{[%clk 0:27:26]} 21. Nd4 {[%clk 0:38:05]} b4 {[%clk 0:23:12]} 22. Nf3
{[%clk 0:16:00]} Ra1 {[%clk 0:11:00]} 23. fxg6 {[%clk 0:11:44]} hxg6
{[%clk 0:09:51]} 24. Nd2 {[%clk 0:05:12]} Qd3 {[%clk 0:08:09]} 25. Nb3 Rb1
{[%clk 0:05:11]} 26. e5 {[%clk 0:05:25]} bxc3 {[%clk 0:05:02]} 27. bxc3
{[%clk 0:04:17]} Rxb3 {[%clk 0:02:04]} 28. exf6 {[%clk 0:04:40]} Bxf6
{[%clk 0:02:21]} 29. Qa4 {[%clk 0:04:59]} Qb5 {[%clk 0:02:35]} 30. Qa8+
{[%clk 0:05:09]} Kg7 {[%clk 0:02:11]} 31. Qa2 {[%clk 0:05:12]} Qc4
{[%clk 0:01:26]} 32. Qd2 {[%clk 0:04:50]} Qh4 {[%clk 0:01:11]} 33. Rf1
{[%clk 0:05:11]} Be5 {[%clk 0:01:05]} 34. g4 {[%clk 0:02:28]} f6 {[%clk 0:00:50]}
35. Rf2 {[%clk 0:01:41]} Rb1 {[%clk 0:00:46]} 36. Rf1 {[%clk 0:01:21]} Qg5
{[%clk 0:00:39]} 37. Qc2 {[%clk 0:01:32]} Qh4 {[%clk 0:01:06]} 38. Bh6+
{[%clk 0:01:27]} Kxh6 {[%clk 0:01:10]} 39. Rxb1 {[%clk 0:01:52]} Qxg4
{[%clk 0:01:20]} 40. Rxb7 {[%clk 0:30:36]} Qf3+ {[%clk 0:31:25]} 41. Qg2
{[%clk 0:30:56]} Qxg2+ {[%clk 0:31:45]} 42. Kxg2 {[%clk 0:31:21]} Bxc3
{[%clk 0:31:27]} 43. Rxe7 {[%clk 0:31:30]} Kg5 1/2-1/2

[Event "George Trundle NZ Qualifiers 2017"]
[Site "Auckland, NZL"]
[Date "2017.09.30"]
[Round "1.4"]
[White "Zhang, Jasmine Haomo"]
[Black "Fan, Allen Chi Zhou"]
[Result "1-0"]
[BlackElo "2077"]
[WhiteElo "1826"]
[LiveChessVersion "1.4.8"]

1. d4 Nf6 2. c4 g6 3. Nc3 Bg7 4. e4 d6 5. f3 O-O 6. Be3 a6 7. Qd2 Nbd7 8. O-O-O
c6 9. g4 b5 10. Bh6 Qa5 11. Kb1 Rb8 12. Nd5 Qd8 13. Nxf6+ Nxf6 14. h4 bxc4 15.
Bxc4 d5 16. exd5 cxd5 17. Bb3 Bxh6 18. Qxh6 Nxg4 19. fxg4 Bxg4 20. Rf1 Qa5 21.
Nh3 f6 22. Qe3 e6 23. Rf2 Qb4 24. Nf4 Qd6 25. Ka1 a5 26. Nd3 Kg7 27. Rc1 Rf7 28.
Rfc2 Bf5 29. Rg2 Be4 30. Rf2 Ra7 31. Nc5 Bf5 32. Bc2 Bxc2 33. Rfxc2 Re7 34. Re2
e5 35. Nb3 a4 36. Nc5 Rbe8 37. Qd3 e4 38. Qh3 f5 39. Rf1 Rf7 40. h5 Rff8 41. Rh2
Rh8 42. Rg2 f4 43. Nd7 f3 44. Rgg1 Re6 45. Ne5 Rf8 46. hxg6 hxg6 47. Rh1 Rxe5 48.
dxe5 Qxe5 49. Qh6+ Kf7 50. Rhg1 Qf5 51. Rg5 Qf6 52. Rxd5 Rb8 53. Qh2 Rc8 54. Qh7+
Kf8 55. Qh6+ Ke7 56. Qe3 Rc4 57. Qa7+ Kf8 58. Qb8+ Kg7 59. Rd7+ Kh6 60. Qh2+ Kg5
61. Rd5+ Qf5 62. Qd2+ Kf6 63. Rxf5+ gxf5 64. b3 axb3 65. axb3 Rc8 66. Qd6+ Kg5
67. Rg1+ Kh5 68. Qg6+ Kh4 69. Qh6# 1-0

[Event "George Trundle NZ Qualifiers 2017"]
[Site "Auckland, NZL"]
[Date "2017.09.30"]
[Round "1.5"]
[White "Milligan, Helen"]
[Black "Macdonald, Paul"]
[Result "0-1"]
[BlackElo "2033"]
[WhiteElo "2007"]
[LiveChessVersion "1.4.8"]

1. e4 {[%clk 1:30:57]} c5 {[%clk 1:30:06]} 2. Nf3 {[%clk 1:31:22]} Nc6
{[%clk 1:30:30]} 3. d4 {[%clk 1:31:02]} cxd4 {[%clk 1:30:49]} 4. Nxd4
{[%clk 1:31:27]} g6 {[%clk 1:31:13]} 5. c4 {[%clk 1:29:32]} Bg7 {[%clk 1:31:36]}
6. Be3 {[%clk 1:28:56]} Nf6 {[%clk 1:32:00]} 7. Nc3 {[%clk 1:29:07]} O-O
{[%clk 1:32:10]} 8. Be2 {[%clk 1:27:50]} d6 {[%clk 1:32:32]} 9. O-O
{[%clk 1:25:00]} Bd7 {[%clk 1:32:58]} 10. Rc1 {[%clk 1:21:06]} Nxd4
{[%clk 1:33:04]} 11. Bxd4 {[%clk 1:20:32]} Bc6 {[%clk 1:33:28]} 12. f3
{[%clk 1:18:13]} a5 {[%clk 1:32:06]} 13. Qd2 {[%clk 1:15:36]} Nd7
{[%clk 1:31:11]} 14. Rfd1 {[%clk 1:13:06]} Bxd4+ {[%clk 1:23:44]} 15. Qxd4
{[%clk 1:13:30]} Nc5 {[%clk 1:24:03]} 16. Rd2 {[%clk 1:03:58]} Re8
{[%clk 1:08:35]} 17. Kh1 {[%clk 0:59:26]} Qb6 {[%clk 0:56:49]} 18. h4
{[%clk 0:53:09]} a4 {[%clk 0:49:10]} 19. Nd5 {[%clk 0:50:24]} Qd8
{[%clk 0:45:32]} 20. g3 {[%clk 0:44:01]} e5 {[%clk 0:42:22]} 21. Qe3
{[%clk 0:43:01]} Ne6 {[%clk 0:32:43]} 22. Kg2 {[%clk 0:34:40]} Nd4
{[%clk 0:29:23]} 23. Qg5 {[%clk 0:30:47]} Bxd5 {[%clk 0:26:03]} 24. Qxd8
{[%clk 0:27:28]} Rexd8 {[%clk 0:24:32]} 25. cxd5 {[%clk 0:26:24]} Rac8
{[%clk 0:24:27]} 26. Rxc8 {[%clk 0:25:28]} Rxc8 {[%clk 0:24:51]} 27. Bd1
{[%clk 0:25:09]} b5 {[%clk 0:23:17]} 28. f4 {[%clk 0:22:55]} f6 {[%clk 0:20:55]}
29. fxe5 {[%clk 0:22:00]} fxe5 {[%clk 0:21:07]} 30. Bg4 {[%clk 0:20:10]} Rc7
{[%clk 0:14:07]} 31. Bd1 {[%clk 0:19:25]} Kg7 {[%clk 0:11:59]} 32. Kf2
{[%clk 0:18:23]} Rf7+ {[%clk 0:11:57]} 33. Kg2 {[%clk 0:18:27]} h6
{[%clk 0:08:33]} 34. Rf2 {[%clk 0:16:42]} Rc7 {[%clk 0:08:38]} 35. Rd2
{[%clk 0:16:42]} Kf6 {[%clk 0:06:45]} 36. Rf2+ {[%clk 0:16:20]} Ke7
{[%clk 0:06:38]} 37. Rd2 {[%clk 0:13:35]} Rc1 {[%clk 0:05:59]} 38. Kf2
{[%clk 0:12:47]} Kd8 {[%clk 0:05:44]} 39. Ke3 {[%clk 0:09:22]} Kc7
{[%clk 0:05:48]} 40. Kd3 {[%clk 0:37:05]} Kb6 {[%clk 0:34:56]} 41. a3
{[%clk 0:36:50]} Kc5 {[%clk 0:31:18]} 42. Ke3 {[%clk 0:34:25]} Kc4
{[%clk 0:27:59]} 43. Rd3 {[%clk 0:32:12]} Nc2+ {[%clk 0:23:38]} 44. Ke2
{[%clk 0:31:09]} Nd4+ {[%clk 0:16:09]} 45. Ke3 {[%clk 0:31:24]} Nb3
{[%clk 0:14:23]} 46. Be2 {[%clk 0:28:21]} Kc5 {[%clk 0:14:14]} 47. Bd1
{[%clk 0:27:17]} Na5 {[%clk 0:09:27]} 48. Kd2 {[%clk 0:25:36]} Rc4
{[%clk 0:09:55]} 49. Ke3 {[%clk 0:23:50]} Rd4 {[%clk 0:07:24]} 50. Rxd4
{[%clk 0:21:35]} exd4+ {[%clk 0:07:53]} 51. Kf4 {[%clk 0:21:43]} Nc4
{[%clk 0:07:51]} 52. b3 {[%clk 0:21:44]} Nb2 {[%clk 0:05:51]} 53. b4+
{[%clk 0:14:15]} Kc4 {[%clk 0:06:13]} 54. e5 {[%clk 0:11:31]} Nd3+
{[%clk 0:05:23]} 55. Ke4 {[%clk 0:11:29]} Nxe5 {[%clk 0:05:22]} 56. g4
{[%clk 0:10:35]} Kc3 {[%clk 0:05:14]} 57. h5 {[%clk 0:09:55]} gxh5
{[%clk 0:04:22]} 58. gxh5 {[%clk 0:10:19]} Kd2 {[%clk 0:04:13]} 59. Bxa4
{[%clk 0:10:28]} bxa4 {[%clk 0:04:41]} 60. Kxd4 {[%clk 0:10:47]} Kc2
{[%clk 0:04:50]} 61. b5 {[%clk 0:10:46]} Kb3 {[%clk 0:05:10]} 62. b6
{[%clk 0:11:04]} Kxa3 {[%clk 0:05:24]} 63. Kc3 {[%clk 0:11:11]} Ka2
{[%clk 0:03:32]} 64. Kc2 {[%clk 0:11:32]} Ka3 {[%clk 0:03:02]} 65. Kc3
{[%clk 0:11:54]} Nd7 {[%clk 0:03:17]} 66. b7 {[%clk 0:12:19]} Nb8
{[%clk 0:03:33]} 67. Kc2 {[%clk 0:12:00]} Kb4 {[%clk 0:03:55]} 68. Kb2
{[%clk 0:12:18]} Kc5 {[%clk 0:03:56]} 0-1